Santa Inés (Record no. 49603)
[ view plain ]
| 000 -LEADER | |
|---|---|
| campo de control de longitud fija | 00809ncm a2200241 i 4500 |
| 001 - NÚMERO DE CONTROL | |
| campo de control | C00050953c |
| 005 - FECHA Y HORA DE LA ÚLTIMA TRANSACCIÓN | |
| campo de control | 20241029150040.0 |
| 008 - DATOS DE LONGITUD FIJA--INFORMACIÓN GENERAL | |
| campo de control de longitud fija | 041126 1904 orz spa d |
| 080 ## - NÚMERO DE LA CLASIFICACIÓN DECIMAL UNIVERSAL | |
| Número de la Clasificación Decimal Universal | 783.3 |
| 100 1# - ENTRADA PRINCIPAL--NOMBRE DE PERSONA | |
| Nombre de persona | San Felipe, Francisco Antonio de. |
| 9 (RLIN) | 8366 |
| 245 10 - MENCIÓN DEL TÍTULO | |
| Título | Santa Inés |
| Resto del título | : oratorio en tres partes [Música manuscrita] / |
| Mención de responsabilidad, etc. | letra de D. Juan B. Calatayud ; música de Francisco A. de San Felipe. |
| 260 ## - PUBLICACIÓN, DISTRIBUCIÓN, ETC. | |
| Lugar de publicación, distribución, etc. | 1904 ag. |
| 300 ## - DESCRIPCIÓN FÍSICA | |
| Extensión | Partitura (108 p.) ; |
| Dimensiones | 42 cm. |
| 500 ## - NOTA GENERAL | |
| Nota general | Partitura para coro y orquesta. |
| 500 ## - NOTA GENERAL | |
| Nota general | Firmada y fechada en Madrid. |
| 500 ## - NOTA GENERAL | |
| Nota general | En margen superior izquierdo a lápiz azul: "M-15/A-4" |
| 500 ## - NOTA GENERAL | |
| Nota general | En carpeta con otra obra. |
| 650 14 - PUNTO DE ACCESO ADICIONAL DE MATERIA--TÉRMINO DE MATERIA | |
| Término de materia o nombre geográfico como elemento de entrada | Oratorios. |
| 9 (RLIN) | 7108 |
| 700 1# - ENTRADA AGREGADA--NOMBRE PERSONAL | |
| Nombre de persona | Calatayud, Juan B. |
| 9 (RLIN) | 34109 |
| 852 4# - LOCALIZACIÓN | |
| Número de control de estantería | M-4905 |
| Estatus retirado | Estado de pérdida | Estado de daño | No para préstamo | Colección | Biblioteca de origen | Biblioteca actual | Ubicación en estantería | Fecha de adquisición | Fuente de adquisición | Total de préstamos | Signatura topográfica completa | Código de barras | Visto por última vez | Precio de reemplazo | Tipo de ítem Koha |
|---|---|---|---|---|---|---|---|---|---|---|---|---|---|---|---|
| Música | Real Academia de la Bellas Artes de San Fernando | Real Academia de la Bellas Artes de San Fernando | Depósito 1 | 26/11/2004 | O | M-4905 | 1054463 | 15/10/2024 | 15/10/2024 | Partitura moderna |